| 000 | 00767nam a22002413a 4500 | ||
|---|---|---|---|
| 005 | 20230708063624.0 | ||
| 008 | 010531s2000 mx fr 000 0 spa d | ||
| 020 | _a847112436X | ||
| 035 | _aUPN01000116957 | ||
| 049 | _aCG | ||
| 050 | 4 |
_aLB1050 _bW7.28 |
|
| 100 | 1 | _aWray, David. | |
| 245 | 1 | 0 |
_aAprender a leer y escribir textos de información / _cDavid Wray, Maureen Lewis ; tr. Roc Filella. |
| 260 |
_aMadrid : _bMorata, _c2000. |
||
| 300 | _a190 p. | ||
| 440 | 0 |
_aPedagogía. _pManuales |
|
| 590 | _a(También localizas un ejemplar en el "Area de Reserva") | ||
| 590 | _aBibliografía Básica (BGTQ) | ||
| 650 | 4 |
_aAprendizaje de la lectoescritura _91535 |
|
| 650 | 4 |
_aComprensión lectora _91537 |
|
| 700 | 1 |
_aLewis, Maureen, _ecoaut. |
|
| 905 | _aLibro | ||
| 999 |
_c89585 _d89585 |
||